Retrospective : (Record no. 109716)
[ view plain ]
| 000 -LEADER | |
|---|---|
| fixed length control field | 00421nam a2200157 a 4500 |
| 005 - DATE AND TIME OF LATEST TRANSACTION | |
| control field | 20140414093847.0 |
| 008 - FIXED-LENGTH DATA ELEMENTS--GENERAL INFORMATION | |
| fixed length control field | 110304s19uu xx 00 eng d |
| 020 ## - INTERNATIONAL STANDARD BOOK NUMBER | |
| International Standard Book Number | 9780731406845 |
| 050 ## - LIBRARY OF CONGRESS CALL NUMBER | |
| Classification number | CDR 909.08 |
| Item number | An2 2008 |
| 100 ## - MAIN ENTRY--PERSONAL NAME | |
| Personal name | Anderson, Maureen |
| 245 ## - TITLE STATEMENT | |
| Title | Retrospective : |
| Remainder of title | year 11 modern history. |
| 260 ## - PUBLICATION, DISTRIBUTION, ETC. (IMPRINT) | |
| Place of publication, distribution, etc | Australia : |
| Name of publisher, distributor, etc | John Wiley And Sons, |
| Date of publication, distribution, etc | 2008. |
| 650 ## - SUBJECT ADDED ENTRY--TOPICAL TERM | |
| Topical term or geographic name as entry element | History |
| 942 ## - ADDED ENTRY ELEMENTS (KOHA) | |
| Koha item type | Audio Visual Materials |
| Withdrawn status | Lost status | Damaged status | Home library | Current library | Shelving location | Date acquired | Source of acquisition | Total Checkouts | Full call number | Barcode | Date last seen | Price effective from | Koha item type |
|---|---|---|---|---|---|---|---|---|---|---|---|---|---|
| Luxembourg Library | Luxembourg Library | Audio Visual Material Section | 03/04/2011 | CDR 909.08 An2 2008 | AV1385 | 04/14/2014 | 04/14/2014 | Audio Visual Materials |